000 00354nam a22001577a 4500
003 OSt
020 _a97802170756
040 _c0
082 _222
_a808.042
100 _aLynch, Tony
245 _aStudying listerning /
250 _a2 nd.
260 _aNew Delhi,
_bCambridge University
_cc2010.
300 _a214 p. ;
_bill. ;
_c24 cm.
942 _2ddc
_cENG
999 _c4664
_d4664